Antologia di litteratura italiana per stranieri

Guardado en:
Bibliografiske detaljer
Format: Bog
Sprog:Undetermined
Udgivet: Italia Scolastiche Mondadori 1957
Udgivelse:2
Fag:
Tags: Tilføj Tag
Ingen Tags, Vær først til at tagge denne postø!

MARC

LEADER 00000nam a2200000Ia 4500
008 170316s9999 xx 000 0 und d
999 |c 8104  |d 8104 
040 |a cru BVZT 
090 |a 850 A-4a 
245 |a Antologia di litteratura italiana per stranieri 
250 |a 2 
260 |a Italia  |b Scolastiche Mondadori  |c 1957 
300 |a 472 páginas 
650 |a LITERATURA ITALIANA  |9 212 
942 |c 15 D  |h 850 A-4a  |2 z